INDIAN LEGAL CONSTITUTIONAL HISTORY (Record no. 11444)

MARC details
000 -LEADER
fixed length control field 00336nam a22001337a 4500
003 - CONTROL NUMBER IDENTIFIER
control field SGT
082 ## - DEWEY DECIMAL CLASSIFICATION NUMBER
Classification number 340,0954,MIT
100 ## - MAIN ENTRY--PERSONAL NAME
Personal name MITTAL,J.K.
245 ## - TITLE STATEMENT
Title INDIAN LEGAL CONSTITUTIONAL HISTORY
260 ## - PUBLICATION, DISTRIBUTION, ETC. (IMPRINT)
Place of publication, distribution, etc FARIDABAD
Name of publisher, distributor, etc ALLAHABAD LAW AGENCY
Year of Publication 2009
300 ## - PAGE DESCRIPTION
No. of Pages 392
650 ## - SUBJECT ADDED ENTRY--TOPICAL TERM
Topical term or geographic name as entry element INDIAN LEGAL CONSTITUTIONAL HISTORY
942 ## - ADDED ENTRY ELEMENTS (KOHA)
Source of classification or shelving scheme Dewey Decimal Classification
Koha item type Books
942 ## - ADDED ENTRY ELEMENTS (KOHA)
-- 1
Holdings
Withdrawn status Lost status Source of classification or shelving scheme Damaged status Not for loan Collection code Home library Current library Shelving location Date acquired Vendor Name Cost, normal purchase price SGTU Bill Number Total Checkouts Full call number Accession No. (Barcode) Date last seen Date last borrowed Bill Date Koha item type Total Renewals
    Dewey Decimal Classification     LAW SGT Science & Social Sciences Library SGT Science & Social Sciences Library Text Book 06/04/2017 SETH & COMPANY 200.00 SGTU 2064 2 340,0954,MIT FL1442 21/06/2023 19/06/2023 16/09/2016 Books  
    Dewey Decimal Classification     LAW SGT Science & Social Sciences Library SGT Science & Social Sciences Library Text Book 06/04/2017 SETH & COMPANY 200.00 SGTU 2064 3 340,0954,MIT FL1443 01/05/2025 01/05/2025 16/09/2016 Books  
    Dewey Decimal Classification     LAW SGT Science & Social Sciences Library SGT Science & Social Sciences Library Text Book 06/04/2017 SETH & COMPANY 200.00 SGTU 2064 1 340,0954,MIT FL1444 27/09/2018 12/09/2018 16/09/2016 Books  
    Dewey Decimal Classification     LAW SGT Science & Social Sciences Library SGT Science & Social Sciences Library Text Book 06/04/2017 SETH & COMPANY 200.00 SGTU 2064 4 340,0954,MIT FL1445 23/04/2019 19/04/2019 16/09/2016 Books 2
    Dewey Decimal Classification     LAW SGT Science & Social Sciences Library SGT Science & Social Sciences Library Text Book 06/04/2017 SETH & COMPANY 200.00 SGTU 2064 2 340,0954,MIT FL1446 24/01/2019 09/01/2019 16/09/2016 Books